Chaîne de lettres Pokémon Type Électrik - Statistiques

Statistiques générales
  • Ce quiz a été pris 31 fois
    24 depuis la dernière actualisation
  • Le résultat moyen est 12 sur 15
Statistiques - réponses
Indice Pokémon % Correct
Pré-Évolution de Lampéroie Anchwatt
100%
Son évolution peut Méga-Évoluer avec une Élecsprintite Dynavolt
90%
Pokémon ressemblant à une Pokéball inversée Électrode
90%
Bébé Pokémon 2g associé à Magby Élekid
90%
Membre du Trio des oiseaux légendaires Électhor
86%
Évolution de Statitik Mygavolt
86%
Son évolution possède une forme grave et une forme aigüe Toxizap
86%
On en trouve un dans le phare d'Oliville Pharamp
81%
Pikaclone gagnant le type Combat en évoluant Pohm
81%
Golem 8g Regieleki
81%
Paradoxe d'un Pokémon du Trio des fauves légendaires Ire-Foudre
76%
Pokémon de Prédilection de Narica Ohmassacre
76%
Pikaclone 5g de type Électrik-Vol Emolga
71%
Protège l'île de Mélé-Mélé Tokorico
71%
Pré-Évolution du Pokémon iconique de Mashynn Têtampoule
62%
Aucun quiz correspondant
Distribution des résultats
% des personnes avec chaque résultat
Percentile par nombre de réponses
Votre historique - résultats
Vous n’avez pas pris ce quiz depuis la dernière actualisation